İçeriği atla
Inicio
Centros participantes
Catálogo
Servicios
Contacto
Giriş
English
Deutsch
Español
Français
Italiano
日本語
Nederlands
Português
Português (Brasil)
中文(简体)
中文(繁體)
Türkçe
עברית
Gaeilge
Cymraeg
Ελληνικά
Català
Euskara
Русский
Čeština
Suomi
Svenska
polski
Dansk
slovenščina
اللغة العربية
বাংলা
Galego
Tiếng Việt
Hrvatski
हिंदी
Հայերէն
Українська
Sámegiella
Dil
Tüm Alanlar
Materyal Adı
Yazar
Konu
Yer Numarası
ISBN/ISSN
Etiket
Ara
Gelişmiş
Resultados electorales de Guat...
Alıntıla
E-posta Gönder
Yazdır
Kaydı İhraç Et
İhraç Et RefWorks
İhraç Et EndNoteWeb
İhraç Et EndNote
Favorilerime ekle
Kalıcı bağlantı
İlk derecelendirmeyi ekleyin
Resultados electorales de Guatemala: 1984
Kaydedildi:
Detaylı Bibliyografya
Müşterek Yazar:
CSUCA
Materyal Türü:
Metin
Baskı/Yayın Bilgisi:
San José:
CSUCA
Etiketler:
Etiketle
Etiket eklenmemiş, İlk siz ekleyin!
Erişim Bilgileri
Diğer Bilgiler
Yorumlar
Benzer Materyaller
MARC Görünümü
MARC
LEADER
00000 a a2200000 04500
001
21641
003
040
|a
CRAI/IIS
|c
CRAI/IIS
090
|a
096400
110
|a
CSUCA
245
|a
Resultados electorales de Guatemala: 1984
260
|a
San José:
|b
CSUCA
300
|a
22 h.
999
|c
14717
|d
14717
Benzer Materyaller
Contribución para restablecer la democracia en Guatemala
Yazar:: Villamar Contreras, Marco Antonio
Hacia una interpretación de la historia de Nicaragua
Yazar:: Vargas Escobar, Oscar René
Notas sobre el no reconocimiento de los gobiernos de facto y la política exterior de Costa Rica, especialmente referidas al régimen de Federico Tinoco: 1917-1919
Yazar:: Cáceres C, Jorge
Acerca de los diagnósticos regionales en América Latina /
Yazar:: Castillo, Manuel Angel
El Conflicto laboral de la empresa embotelladora Guatemalteca S. A. Coca Cola
Yazar:: Carrillo, José Domingo